000 01548cam a22004214i 4500
003 PE-LiUPU
005 20250731184117.0
008 150706s r 000 0 d
020 _a9798479788209
035 _a(Sirsi) i9798479788209
040 _aPE-LiUPU
_bspa
_cPE-LiUPU
_erda
049 _aPRUA
082 0 4 _a863.6
_bA48
_221
100 1 _aArnau, Arturo,
_d1958- ,
_eautor.
245 1 3 _aEl secreto del agua :
_bla novela sobre cambio climático y agua /
_cArturo Arnau Tarín.
264 1 _a[Madrid] :
_bDíaz de Santos,
_c[2007].
300 _a414 páginas ;
_c21 cm.
336 _atext
_2rdacontent
337 _aunmediated
_2rdamedia
338 _avolume
_2rdacarrier
505 0 _aLa novela sobre el cambio climático y agua.
526 _aP145
526 _aP127
526 _aP97
526 _aP14
526 _aP07
541 _g001-0036246;
650 0 4 _aNovela española.
_92017
650 0 4 _aNovela policíaca.
_9648
650 0 4 _aCalentamiento global
_vNovela.
650 0 4 _aClimatología
_vNovela.
910 _agl
_bjv
_cng
_d20121018
942 _2ddc
_cBOOK
949 _a863.6 A48
_wDEWEY
_c1
_i65664
_lCCODEBUL1
_mBUL
_p60.00
_r0
_sY
_tBOOK
_u2015-7-6
_xINGENIERIA
_PP24
_o.STAFF. Colección General
994 _aC0
_bPEPRU
596 _a1
999 _a863.6 A48
_wDEWEY
_c54102
_i65664
_d54102
_e2019-6-6
_f2021-11-9
_g7
_lCCODEBUL1
_mBUL
_n4
_p60.00
_r0
_sY
_tBOOK
_u2015-7-6
_xEDUCACION
_PP24
_0COMPRA
_o.STAFF. Colección General
980 _81
_gALBERTO SANCHEZ Responsable de Automatización